MARC

Tag First Indicator Second Indicator Subfields
LEADER 00000cam a2200000 a 4500
001 in00001406712
005 20151020072856.0
008 951027s1995 nyua b 101 0 eng d
010 |a  95078691  
020 |a 1563965054 
035 |a (OCoLC)33383610 
035 |9 AHQ3667AM 
040 |a JCS  |c JCS  |d TJC  |d IQU  |d TXA  |d UtOrBLW 
049 |a TXAM 
088 |a DOE CONF-9407103 
090 |a TD898.178  |b .I57 1994 
111 2 |a International Conference on Accelerator-Driven Transmutation Technologies and Applications  |d (1994 :  |c Las Vegas, Nev.) 
245 1 0 |a International Conference on Accelerator-Driven Transmutation Technologies and Applications, Las Vegas, NV, July 1994 /  |c editors, Edward D. Arthur, Anita Rodriguez, Stan O. Schriber. 
246 3 0 |a Accelerator-driven transmutation technologies and applications 
246 3 0 |a Transmutation technologies and applications 
246 3 |a Accelerator driven transmutation technologies and applications 
246 3 |a ADTT 
264 1 |a Woodbury, N.Y. :  |b AIP Press,  |c [1995] 
264 4 |c ©1995 
300 |a xxii, 954 pages :  |b illustrations ;  |c 29 cm. 
336 |a text  |b txt  |2 rdacontent 
337 |a unmediated  |b n  |2 rdamedia 
338 |a volume  |b nc  |2 rdacarrier 
490 1 |a AIP conference proceedings ;  |v 346 
500 |a "This conference was the first to bring together US and foreign researchers together to define Accelerator Driven Transmutation Technology (ADTT) in several important national and international application areas: nuclear waste tranmutation, minimizing of world plutonium inventories, and long-term energy production"--Pref. 
504 |a Includes bibliographical references and index. 
500 |a "DOE CONF-9407103"--Title page verso. 
650 0 |a Radioactive wastes  |x Transmutation  |x Congresses. 
650 0 |a Radioactive waste sites  |x Cleaning  |x Congresses. 
650 0 |a Plutonium  |x Environmental aspects  |x Congresses. 
650 0 |a Reactor fuel reprocessing  |v Congresses. 
650 0 |a Nuclear power plants  |v Congresses. 
650 0 |a Particle accelerators  |x Industrial applications  |x Congresses. 
650 0 |a Transmutation (Chemistry)  |x Congresses. 
700 1 |a Arthur, Edward D.  |q (Edward Dana),  |d 1944- 
700 1 |a Rodriguez, Anita  |q (Anita A.) 
700 1 |a Schriber, S. O. 
830 0 |a AIP conference proceedings ;  |v no. 346. 
948 |a c:blr 
999 |a MARS 
999 f f |s 29648310-f7da-3a0b-a6d8-e6880af75b10  |i 55e06b1c-3e9d-3b7c-8b24-9469d6eec451  |t 0 
952 f f |p ric  |a Texas A&M University  |b Rellis Campus  |c Joint Library Facility  |d Remote Storage  |t 0  |e TD898.178 .I57 1994  |h Library of Congress classification  |i unmediated -- volume  |m A14822554747 
998 f f |a TD898.178 .I57 1994  |t 0  |l Remote Storage